Normal view
MARC view
Entry Geographic Name
001 - CONTROL NUMBER
- control field: 27933
003 - CONTROL NUMBER IDENTIFIER
- control field: OSt
005 - DATE AND TIME OF LATEST TRANSACTION
- control field: 20230713145925.0
008 - FIXED-LENGTH DATA ELEMENTS
- fixed length control field: 230713|| aca||aabn | a|a d
040 ## - CATALOGING SOURCE
- Original cataloging agency: OSt
- Transcribing agency: OSt
151 ## - HEADING--GEOGRAPHIC NAME
- Geographic name: ကယားပြည်နယ်။
670 ## - SOURCE DATA FOUND
- Source citation: Work cat.: (OSt): မြင့်မောင်။ 27931, ကယားတို့ဌာနီ ငွေတောင်ပြည် /, ၁၉၆၆။